Word Ladder: Ash's Companions Quiz Stats

 Plays Quiz Updated Mar 20, 2017

Support Sporcle.
Go Orange.
Score 0/12 Timer 01:30
2 Plays Today
Clue 5-Letter Word % Correct
Building or wall building componentBRICK
85%
Listed costPRICE
84%
Pierce slightly with a needlePRICK
82.6%
Ash Ketchum's traveling companion
or base-stealer Lou
⊖ BROCK ⊖
77.2%
Ash Ketchum's traveling companion
or a bit teary-eyed
⊖ MISTY ⊖
67.9%
Rapper Elliott of 'Work It'MISSY
55.4%
A deputized band of crime fightersPOSSE
49.5%
So last weekPASSÉ
47.6%
Force with a lever, in the UKPRISE
45.3%
Easily irritatedPISSY
44.1%
Charm school subjectPOISE
39.1%
Affluent area of Paris in the 16th arrondissementPASSY
31.6%

Today's Daily Dose

You're not logged in!

Compare scores with friends on all Sporcle quizzes.
OR
Log In
Forgot?

From the Vault

Sitcom Slot Machine

by slipkid

It's difficult to win money just by watching TV, but there's no harm in trying.
Remove Ads.
Support Sporcle.
Get the best of Sporcle when you Go Orange. This ad-free experience offers more features, more stats, and more fun while also helping to support Sporcle. Thank you for becoming a member.

Show Comments

Extras

Top Quizzes Today


Score Distribution

Your Account Isn't Verified!

In order to create a playlist on Sporcle, you need to verify the email address you used during registration. Go to your Sporcle Settings to finish the process.

Report this User

Report this user for behavior that violates our Community Guidelines.

Details: